Swiss Canton Codes - Statistics

General Stats
  • This quiz has been taken 100 times
  • The average score is 24 of 26
Answer Stats
Code Full name % Correct
LU Lucerne
100%
FR Fribourg
99%
GR Graubünden
99%
SO Solothurn
98%
UR Uri
98%
VS Valais
98%
BE Bern
95%
ZG Zoug
95%
GE Geneva
94%
OW Obwalden
94%
SG St. Gallen
94%
ZH Zürich
94%
JU Jura
93%
TI Ticino / Tessin
93%
BL Basel-Landschaft
92%
BS Basel-Stadt
92%
GL Glarus
92%
NW Nidwalden
92%
TG Thurgau
92%
AG Aargau
91%
VD Vaud
91%
NE Neuchâtel
90%
SH Schaffhausen
88%
SZ Schwyz
87%
AI Appenzell Innerrhoden
83%
AR Appenzell Ausserrhoden
79%
No matching quizzes found
Score Distribution
Percent of People with Each Score
Percentile by Number Answered
Your Score History
You have not taken this quiz